| 000 | 00644nam a2200181 i 4500 | ||
|---|---|---|---|
| 001 | 64550 | ||
| 003 | ES-MaACL | ||
| 005 | 20230906165145.0 | ||
| 007 | t| | ||
| 008 | 031229s1968 sp ||||1| spa d | ||
| 100 | 1 |
_aFontaine, Guy. _951580 |
|
| 245 | 1 | 4 |
_aLos transistores en audio-frecuencia / _cG. Fontaine ; [traducido por José Vázquez de Abarrategui y Eugenio Zapardiel Sánchez Moncayo]. |
| 260 |
_aMadrid : _b[Paraninfo, _c1968] |
||
| 300 |
_a397 p., 96 lám. : _bil. ; _c21 cm. |
||
| 700 | 1 |
_aVázquez de Abarrategui, José. _9113410 |
|
| 700 | 1 |
_aZapardiel Sánchez Moncayo, Eugenio. _9117986 |
|
| 852 |
_aES-MaACL _jC-34123 _bR.65296 |
||
| 999 |
_c64550 _d64550 |
||